Geography Quiz

Random Geography or City Quiz

Country City Match Quiz Stats

 Plays Quiz Updated Jul 14, 2016

Also try: City Clicknames
Challenge
Share
Tweet
Embed
Score 0/70 Timer 05:00
9 Plays Today
% Correct
Greece
89.8%
Spain
89.5%
Australia
89%
Panama
88.9%
Israel
88.8%
Canada
87.9%
Sweden
87.7%
Netherlands
87.6%
Germany
87.2%
Belgium
87%
Turkey
86.9%
Italy
86.7%
Russia
86.7%
Norway
86%
Argentina
85.4%
Thailand
85.3%
Portugal
85.1%
China
85%
South Korea
84.8%
Switzerland
84%
Iraq
83.7%
Brazil
83.1%
Japan
82.7%
Czechia
82.6%
Singapore
82.4%
Iran
82.3%
New Zealand
82.2%
Hungary
81.8%
United Kingdom
81.3%
Algeria
80.6%
United Arab Emirates
80.6%
Tunisia
80.3%
Philippines
79.5%
Colombia
77.9%
Vietnam
77.6%
% Correct
Morocco
76%
Kenya
75%
Egypt
74.5%
North Korea
74.4%
Ukraine
73.8%
Indonesia
73.6%
Nepal
72.7%
Mexico
71.3%
Bulgaria
69%
Saudi Arabia
67%
Bolivia
66.9%
Ecuador
65.5%
Dominican Republic
60.4%
Ethiopia
59.4%
Pakistan
54.9%
Nicaragua
53.1%
Syria
48.9%
Honduras
45%
India
42.9%
Bangladesh
42%
Ghana
41.6%
Kyrgyzstan
39.2%
Nigeria
38.9%
Democratic Republic of Congo
38.4%
Uzbekistan
38.2%
Grenada
37.6%
Madagascar
37%
Namibia
36.4%
Uganda
36.3%
South Africa
36%
Malawi
28%
Mali
27.5%
Zambia
25.7%
Niger
25.6%
Benin
24.8%

You're not logged in!

Compare scores with friends on all Sporcle quizzes.
OR
Log In

You Might Also Like...

Show Comments

Extras

Top Quizzes Today


Score Distribution

Your Account Isn't Verified!

In order to create a playlist on Sporcle, you need to verify the email address you used during registration. Go to your Sporcle Settings to finish the process.

Report this User

Report this user for behavior that violates our Community Guidelines.

Details: